Catálogo

La revolución industrial : (Registro nro. 42270)

Detalles MARC
000 -LEADER
fixed length control field 01359cam a2200349 i 4500
001 - CONTROL NUMBER
control field 42270
003 - CONTROL NUMBER IDENTIFIER
control field Mx-PuUPA
005 - DATE AND TIME OF LATEST TRANSACTION
control field 20240410103821.0
008 - FIXED-LENGTH DATA ELEMENTS--GENERAL INFORMATION
fixed length control field 140415s1973 mx gr 000 0 spa d
040 ## - CATALOGING SOURCE
Original cataloging agency Mx-PuUPA
Language of cataloging spa
Transcribing agency Mx-PuUPA
Modifying agency Mx-PuUPA
Description conventions rda
041 1# - LANGUAGE CODE
Language code of text/sound track or separate title spa
Language code of original eng
100 1# - MAIN ENTRY--PERSONAL NAME
Personal name Ashton, T. S.,
Fuller form of name (Thomas Southcliffe)
Dates associated with a name 1889-1968
9 (RLIN) 15376
240 14 - UNIFORM TITLE
Uniform title The industrial revolution.
Language of a work Español
245 13 - TITLE STATEMENT
Title La revolución industrial :
Remainder of title 1760-1830 /
Statement of responsibility, etc. T. S. Ashton ; traducción de Francisco Cuevas Cancino
250 ## - EDITION STATEMENT
Edition statement Segunda edición
264 #1 - PRODUCTION, PUBLICATION, DISTRIBUTION, MANUFACTURE, AND COPYRIGHT NOTICE
Place of production, publication, distribution, manufacture México, D. F. :
Name of producer, publisher, distributor, manufacturer Fondo de Cultura Económica,
Date of production, publication, distribution, manufacture, or copyright notice ©1973
300 ## - PHYSICAL DESCRIPTION
Extent 195 páginas ;
Dimensions 18 cm
336 ## - CONTENT TYPE
Fuente rdacontent
Content type term texto
Content type code txt
337 ## - MEDIA TYPE
Source rdamedia
Media type term sin medio
Media type code n
338 ## - CARRIER TYPE
Source rdacarrier
Carrier type term volumen
Carrier type code nc
490 0# - SERIES STATEMENT
Series statement Breviarios del Fondo de Cultura Económica ;
Volume/sequential designation 25
545 1# - BIOGRAPHICAL OR HISTORICAL DATA
Biographical or historical data Reimpresiones: (Sexta, 1975).
650 #7 - SUBJECT ADDED ENTRY--TOPICAL TERM
Source of heading or term armarc
Topical term or geographic name entry element Revolución industrial
Geographic subdivision Gran Bretaña
651 #4 - SUBJECT ADDED ENTRY--GEOGRAPHIC NAME
Geographic name Gran Bretaña
General subdivision Condiciones económicas
Chronological subdivision 1760-1860
700 1# - ADDED ENTRY--PERSONAL NAME
Personal name Cuevas Cancino, Francisco,
Relator term traductor
765 08 - ORIGINAL LANGUAGE ENTRY
Main entry heading Ashton, T. S., (Thomas Southcliffe) 1889-1968
Title The industrial revolution.
942 ## - ADDED ENTRY ELEMENTS (KOHA)
Source of classification or shelving scheme Dewey Decimal Classification
Koha item type Libro
Classification part 330.942
Item part A815
Existencias
Withdrawn status Lost status Source of classification or shelving scheme Damaged status Not for loan Collection code Home library Current library Shelving location Date acquired Source of acquisition Total Checkouts Full call number Barcode Date last seen Price effective from Koha item type
    Dewey Decimal Classification     General Biblioteca Karol Wojtyla Biblioteca Karol Wojtyla Sala general 03/12/2013 Compra   330.942 A815 1973 63599 19/03/2026 03/12/2013 Libro